000 00693cam a2200193 i 4500
005 20260420114100.0
008 250721s2006 jo gr 000 0 ara d
020 _a9957120328
082 1 4 _a415.1
_bز ا ي
100 1 _aزايد، فهد خليل
_eمؤلف.
245 1 2 _aالنحو الميسر التعلم الذاتي /
_cتأليف الدكتور فهد خليل زايد.
264 3 1 _aعمان :
_bدار اليازوري العلمية للنشر والتوزيع،
_c2006.
300 _a288 صفحة.
650 1 7 _aاللغة العربية.
650 1 7 _aقواعد اللغة.
650 1 7 _aالإعراب.
942 _2ddc
_cBK
999 _c102749
_d102749